[Event "Rated Blitz game"]
[Site "?"]
[Date "2021.03.11"]
[Round "?"]
[White "NormWeinstein"]
[Black "Chesspirate_Channel"]
[Result "1-0"]
[WhiteElo "2455"]
[BlackElo "2367"]
[PlyCount "109"]
[EventDate "2021.??.??"]
[EventType "blitz"]

1. e4 e5 2. Nf3 d5 3. d4 dxe4 4. Nxe5 Bd6 5. Bf4 Nf6 6. Be2 O-O 7. O-O Nbd7 8.
Nc3 Re8 9. f3 Qe7 10. fxe4 Nxe5 11. dxe5 Bxe5 12. Bxe5 Qxe5 13. Bf3 Be6 14. Kh1
Rad8 15. Qe2 c6 16. Rad1 b5 17. a3 a5 18. Rxd8 Rxd8 19. Rd1 Re8 20. Qd2 b4 21.
axb4 axb4 22. Ne2 Nxe4 23. Qd4 Qxd4 24. Rxd4 Ng5 25. Bxc6 Rc8 26. Ba4 b3 27.
Bxb3 Bxb3 28. cxb3 Ne6 29. Rd2 Rb8 30. Nd4 Nc5 31. h3 g6 32. Rc2 Nxb3 33. Nc6
Rb6 34. Rc3 Kg7 35. Ne5 Nd4 36. Nd3 Ne2 37. Rc2 Nd4 38. Rc1 Ne6 39. Kh2 h5 40.
Rf1 Rb3 41. Ne5 Rxb2 42. Rxf7+ Kg8 43. Re7 Nf8 44. Re8 Re2 45. Re7 Re4 46. Nxg6
Rxe7 47. Nxe7+ Kf7 48. Nf5 Kg6 49. Nh4+ Kh6 50. Nf3 Ng6 51. Kg3 Nh8 52. Nh4 Kh7
53. Nf5 Kg6 54. Nh4+ Kh6 55. Nf3 {Time forfeit} 1-0

[Event "Rated Blitz game"]
[Site "?"]
[Date "2021.03.11"]
[Round "?"]
[White "tartineaumiel"]
[Black "DarthZannah"]
[Result "1-0"]
[WhiteElo "2375"]
[BlackElo "2512"]
[PlyCount "91"]
[EventDate "2021.??.??"]
[EventType "blitz"]

1. e4 e5 2. Nf3 d5 3. exd5 e4 4. Qe2 Nf6 5. d3 Qxd5 6. Nc3 Bb4 7. dxe4 Qxe4 8.
Bd2 Qxe2+ 9. Bxe2 O-O 10. O-O-O Be6 11. a3 Bc5 12. Nb5 Rc8 13. Nbd4 Bd5 14. Bg5
Ne4 15. Be3 Nc6 16. Nf5 Bxe3+ 17. Nxe3 Be6 18. Rhf1 Rd8 19. Bd3 Nd6 20. Ng5 h6
21. Nxe6 fxe6 22. Rfe1 Kf7 23. f3 Ne5 24. Bf1 Ng6 25. g3 Nf5 26. Ng4 Rxd1+ 27.
Rxd1 Ke7 28. Re1 Rd8 29. f4 Kf7 30. Bc4 Rd6 31. Ne5+ Nxe5 32. Rxe5 Nd4 33. c3
Nc6 34. Rb5 b6 35. f5 Nd8 36. Re5 Kf6 37. fxe6 Nxe6 38. Re3 Nd8 39. Kc2 c5 40.
b4 cxb4 41. axb4 Nc6 42. Rf3+ Kg6 43. Bd3+ Rxd3 44. Rxd3 Kf7 45. Rd7+ Kf8 46.
Rc7 {Normal} 1-0

[Event "Rated Blitz game"]
[Site "?"]
[Date "2021.03.10"]
[Round "?"]
[White "Hirdons"]
[Black "Fantastic_power06"]
[Result "0-1"]
[WhiteElo "2592"]
[BlackElo "2614"]
[PlyCount "38"]
[EventDate "2021.??.??"]
[EventType "blitz"]

1. e4 e5 2. Nf3 d5 3. Nxe5 Bd6 4. d4 dxe4 5. Nc3 Bxe5 6. dxe5 Qxd1+ 7. Nxd1 Nc6
8. Bf4 Nge7 9. Nc3 Bf5 10. Bb5 O-O-O 11. Bxc6 Nxc6 12. h3 Rhe8 13. g4 Bg6 14.
h4 h5 15. gxh5 Bxh5 16. Rg1 Bg6 17. h5 Bxh5 18. Rxg7 Nd4 19. Rc1 Ne6 {Normal}
0-1

[Event "Rated Blitz game"]
[Site "?"]
[Date "2021.03.10"]
[Round "?"]
[White "QMagico"]
[Black "KinzyabulatovRenat"]
[Result "1-0"]
[WhiteElo "2420"]
[BlackElo "2336"]
[PlyCount "103"]
[EventDate "2021.??.??"]
[EventType "blitz"]

1. e4 e5 2. Nf3 d5 3. exd5 e4 4. Qe2 Nf6 5. d3 Qxd5 6. dxe4 Qxe4 7. Nc3 Bb4 8.
Bd2 Qxe2+ 9. Bxe2 Nc6 10. O-O-O Bg4 11. h3 Be6 12. Ng5 Bf5 13. g4 Bd7 14. Bc4
O-O 15. a3 Bc5 16. Nce4 Nxe4 17. Nxe4 Bb6 18. f4 h6 19. Nc3 Be6 20. Bd3 f5 21.
Rde1 Rae8 22. Rxe6 Rxe6 23. Bc4 Nd4 24. Re1 Kh7 25. Bxe6 Nf3 26. Rf1 fxg4 27.
hxg4 Nxd2 28. Kxd2 g6 29. f5 g5 30. Nd5 Bd4 31. c3 Be5 32. Re1 Bd6 33. Kc2 c6
34. Nb4 h5 35. gxh5 g4 36. Nd3 g3 37. Rg1 Kh6 38. Ne1 Kxh5 39. Rg2 Rf6 40. Kd3
Kg4 41. Ke4 Kh3 42. b4 a5 43. Kf3 axb4 44. axb4 Be5 45. c4 b6 46. Nd3 Bc7 47.
b5 c5 48. Nb2 Bd6 49. Nd1 Bc7 50. Ne3 Be5 51. Ng4 Rxf5+ 52. Bxf5 {Normal} 1-0

[Event "Rated Blitz game"]
[Site "?"]
[Date "2021.03.10"]
[Round "?"]
[White "gambit2273"]
[Black "Blind2250"]
[Result "0-1"]
[WhiteElo "2579"]
[BlackElo "2403"]
[PlyCount "180"]
[EventDate "2021.??.??"]
[EventType "blitz"]

1. e4 e5 2. Nf3 d5 3. Nxe5 Bd6 4. d4 dxe4 5. Bc4 Bxe5 6. dxe5 Qxd1+ 7. Kxd1 Nc6
8. Bf4 Bg4+ 9. Be2 O-O-O+ 10. Nd2 Bf5 11. g4 Bg6 12. h4 h6 13. h5 Bh7 14. Ke1
Nge7 15. c3 Nd5 16. Bg3 e3 17. Nc4 exf2+ 18. Kxf2 Rhe8 19. Rhe1 f6 20. Bf3 fxe5
21. Nxe5 Nxe5 22. Rxe5 Rf8 23. Kg2 Nf4+ 24. Bxf4 Rxf4 25. Kg3 Rf7 26. Rae1 Rd3
27. R1e3 c6 28. Rxd3 Bxd3 29. Re8+ Kc7 30. Re3 Rd7 31. Kf4 a5 32. Ke5 Re7+ 33.
Kd4 Rxe3 34. Kxe3 Bh7 35. Be4 Bg8 36. a3 b6 37. Kf4 Kd6 38. g5 Bf7 39. Bf3
hxg5+ 40. Kxg5 Kc5 41. Be2 Be8 42. b4+ Kd5 43. Bd3 c5 44. Bg6 Bd7 45. Bf7+ Ke4
46. Kg6 Bg4 47. bxa5 bxa5 48. Kxg7 Bxh5 49. Bxh5 Kd3 50. Kf6 Kxc3 51. a4 Kb3
52. Bd1+ Kc3 53. Ke5 Kd2 54. Bb3 Kc3 55. Be6 Kb4 56. Bd7 c4 57. Kd4 Kb3 58. Bb5
c3 59. Bc4+ Kb2 60. Bd3 Kb3 61. Bb5 c2 62. Bc4+ Kb2 63. Bd3 c1=Q 64. Bc4 Qc3+
65. Kc5 Qb4+ 66. Kd5 Kc3 67. Bb5 Kd2 68. Ke5 Ke3 69. Kd5 Qd4+ 70. Kc6 Qa7 71.
Kd6 Kd4 72. Ke6 Kc5 73. Kf5 Qb6 74. Ke4 Qd6 75. Ke3 Qd4+ 76. Kf3 Qb2 77. Ke3
Qf6 78. Ke4 Kb4 79. Kd5 Qd8+ 80. Ke4 Qd6 81. Kf5 Qd2 82. Kg4 Qc3 83. Kf5 Qc5+
84. Ke4 Kc3 85. Kf3 Qd4 86. Ke2 Kb4 87. Kf1 Qc3 88. Kg2 Qd4 89. Kh3 Qd5 90. Kg3
Qc5 {Time forfeit} 0-1

[Event "Rated Blitz tournament bbKDWfcb"]
[Site "?"]
[Date "2021.03.10"]
[Round "?"]
[White "PChernomordik"]
[Black "Chesspirate_Channel"]
[Result "1/2-1/2"]
[WhiteElo "2447"]
[BlackElo "2347"]
[PlyCount "122"]
[EventDate "2021.??.??"]
[EventType "blitz"]

1. e4 e5 2. Nf3 d5 3. exd5 e4 4. Qe2 Nf6 5. Nc3 Be7 6. Nxe4 O-O 7. d3 Nxd5 8.
Qd1 f5 9. Nc3 Bb4 10. Bd2 Re8+ 11. Be2 Bxc3 12. bxc3 Qe7 13. c4 Nf6 14. h3 Nc6
15. Be3 h6 16. d4 b6 17. c3 Bb7 18. Qc2 Ne4 19. O-O Na5 20. Ne5 Rad8 21. Rae1
Qf6 22. Bh5 Rxe5 23. dxe5 Qh4 24. Bf3 Nxc4 25. Rd1 Rxd1 26. Rxd1 Nxe3 27. fxe3
Qg3 28. Rf1 Qxe5 29. Qd3 Kh7 30. Qd4 Qe6 31. Bd1 c5 32. Qd3 Qe5 33. Qd7 Ba6 34.
Qxf5+ Qxf5 35. Rxf5 Nxc3 36. Bc2 Kg8 37. a3 Bc4 38. Rf4 Bf7 39. Kf2 Nb5 40. a4
Nd6 41. e4 a6 42. e5 Ne8 43. Bd3 b5 44. axb5 axb5 45. Bxb5 c4 46. Bxe8 Bxe8 47.
Rxc4 Bf7 48. Rc7 Bg6 49. Ke3 Kf8 50. Kf4 Ke8 51. Rxg7 Bh5 52. Rh7 Bf7 53. Rxh6
Ke7 54. g4 Ke8 55. Rh7 Ke7 56. Rxf7+ Kxf7 57. Kf5 Ke7 58. g5 Kd7 59. g6 Kc6 60.
g7 Kd5 61. g8=Q+ Kd4 {Time forfeit} 1/2-1/2

[Event "Rated Blitz tournament bbKDWfcb"]
[Site "?"]
[Date "2021.03.10"]
[Round "?"]
[White "Evgeny_Davidenko"]
[Black "Jenlen3001"]
[Result "0-1"]
[WhiteElo "2397"]
[BlackElo "2521"]
[PlyCount "52"]
[EventDate "2021.??.??"]
[EventType "blitz"]

1. e4 e5 2. Nf3 d5 3. d4 dxe4 4. Nxe5 Nc6 5. Nxc6 bxc6 6. Nc3 Nf6 7. Bc4 Bd6 8.
O-O Ng4 9. h3 O-O 10. Nxe4 Bh2+ 11. Kh1 Qh4 12. Bg5 Qh5 13. Be2 f5 14. Bxg4
fxg4 15. Be3 Bd6 16. Nxd6 cxd6 17. Kg1 Rf3 18. Qd3 gxh3 19. g3 h2+ 20. Kh1 Be6
21. c4 Raf8 22. Rae1 d5 23. c5 Bf5 24. Qd1 Be4 25. Bf4 R3xf4+ 26. Rxe4 Qxd1 {
Normal} 0-1

[Event "Rated Rapid game"]
[Site "?"]
[Date "2021.03.10"]
[Round "?"]
[White "YuryLu"]
[Black "todos1corren2"]
[Result "1-0"]
[WhiteElo "2408"]
[BlackElo "2321"]
[PlyCount "47"]
[EventDate "2021.??.??"]
[EventType "rapid"]

1. e4 e5 2. Nf3 d5 3. exd5 e4 4. Ne5 Qxd5 5. d4 exd3 6. Nxd3 Nf6 7. Nc3 Qf5 8.
Bf4 Na6 9. Qd2 Be6 10. Be2 O-O-O 11. Bf3 Nb4 12. Rd1 Nxd3+ 13. cxd3 Bb4 14. O-O
h6 15. Rfe1 g5 16. Be5 Rhe8 17. Qc2 g4 18. Bxf6 Qxf6 19. Be4 a6 20. Re2 Qg5 21.
Rde1 Bxc3 22. Qxc3 Rd6 23. g3 c6 24. f4 {Time forfeit} 1-0

[Event "Rated Blitz game"]
[Site "?"]
[Date "2021.03.10"]
[Round "?"]
[White "makeareason"]
[Black "annaly1979"]
[Result "1-0"]
[WhiteElo "2481"]
[BlackElo "2419"]
[PlyCount "99"]
[EventDate "2021.??.??"]
[EventType "blitz"]

1. e4 e5 2. Nf3 d5 3. exd5 e4 4. Qe2 f5 5. d3 Nf6 6. dxe4 fxe4 7. Nc3 Be7 8.
Nxe4 Nxe4 9. Qxe4 O-O 10. Bc4 Bb4+ 11. Kd1 Bd6 12. Re1 Bf5 13. Qe3 Nd7 14. Bd3
Bc5 15. Qe2 Qf6 16. Bxf5 Qxf5 17. Qe6+ Kh8 18. Qxf5 Rxf5 19. c4 Bxf2 20. Re2
Bc5 21. Be3 b6 22. Bxc5 Nxc5 23. Kc2 a5 24. Rae1 Raf8 25. b3 h6 26. a3 a4 27.
b4 Nb3 28. Re8 Kh7 29. Rxf8 Rxf8 30. Kc3 Rf7 31. Re2 g5 32. h3 Nc1 33. Re6 Kg7
34. Ne5 Rf2 35. Re7+ Kf6 36. Rf7+ Kxe5 37. Rxf2 Ke4 38. Rf7 Ne2+ 39. Kd2 Nf4
40. Rxc7 Ke5 41. Re7+ Kd6 42. Re6+ Nxe6 43. dxe6 Kxe6 44. Ke3 Ke5 45. g4 Ke6
46. Ke4 Kd6 47. Kd4 Ke6 48. c5 b5 49. Ke4 Kf6 50. Kd5 {Normal} 1-0

[Event "Rated Blitz game"]
[Site "?"]
[Date "2021.03.10"]
[Round "?"]
[White "diolley"]
[Black "Roberto_Baggio1978"]
[Result "0-1"]
[WhiteElo "2447"]
[BlackElo "2511"]
[PlyCount "124"]
[EventDate "2021.??.??"]
[EventType "blitz"]

1. e4 e5 2. Nf3 d5 3. Nxe5 Bd6 4. d4 dxe4 5. Qh5 g6 6. Qe2 f5 7. Qc4 Qe7 8. Nc3
Nf6 9. Bg5 Be6 10. Qb5+ c6 11. Qa4 Nbd7 12. Nxd7 Bxd7 13. Qb3 h6 14. Bxf6 Qxf6
15. O-O-O O-O-O 16. d5 Rhe8 17. dxc6 Bxc6 18. Bb5 Be5 19. Bxc6 Qxc6 20. Nd5 Kb8
21. Nb4 Qb6 22. Kb1 g5 23. Rhe1 a5 24. Nd5 Qxb3 25. axb3 Bxh2 26. Rh1 Be5 27.
Rxh6 f4 28. c4 g4 29. Rh4 Rg8 30. Re1 e3 31. fxe3 f3 32. gxf3 Bg3 33. Rhh1 Bxe1
34. Rxe1 gxf3 35. Rf1 Rdf8 36. Nf4 Rg3 37. Kc2 Rh8 38. Kd3 Rh2 39. Kc3 f2 40.
Kd3 Rg1 41. Ke2 Rxf1 42. Kxf1 Kc7 43. Ng2 Rh1+ 44. Kxf2 Rb1 45. Kf3 Rxb2 46.
Nf4 Rxb3 47. Nd5+ Kd8 48. Ke4 a4 49. Kd4 a3 50. Nc3 Rb2 51. e4 a2 52. Nxa2 Rxa2
53. Kc5 Kc7 54. e5 Ra5+ 55. Kd4 Kd7 56. Ke4 Ke6 57. Kd4 Rxe5 58. Kc3 Kd6 59.
Kb4 Kc6 60. Ka4 Kc5 61. Kb3 Re3+ 62. Kc2 Kxc4 {Normal} 0-1

[Event "Rated Blitz game"]
[Site "?"]
[Date "2021.03.10"]
[Round "?"]
[White "IamNeneu"]
[Black "annaly1979"]
[Result "1-0"]
[WhiteElo "2433"]
[BlackElo "2456"]
[PlyCount "123"]
[EventDate "2021.??.??"]
[EventType "blitz"]

1. e4 e5 2. Nf3 d5 3. exd5 e4 4. Qe2 f5 5. d3 Nf6 6. dxe4 fxe4 7. Nbd2 Be7 8.
Nxe4 Nxe4 9. Qxe4 O-O 10. Be3 Bf5 11. Qc4 Bd6 12. O-O-O Nd7 13. Nd4 Nb6 14. Qb3
Qe8 15. Nxf5 Rxf5 16. Bd3 Rf8 17. c4 Nd7 18. Qc2 h6 19. Rhe1 Qf7 20. Bg6 Qf6
21. Bd4 Qf4+ 22. Kb1 b6 23. g3 Qg5 24. f4 Qd8 25. Bh7+ Kh8 26. Bf5 Nc5 27. b4
Rb8 28. Ka1 Nd7 29. c5 bxc5 30. bxc5 Nxc5 31. Be6 Nd7 32. Qg6 Nf6 33. g4 Rb4
34. g5 Rxd4 35. Rxd4 Qe8 36. Qxe8 Nxe8 37. f5 hxg5 38. Rg1 Be5 39. Rgg4 Nf6 40.
Kb1 Nxg4 41. Rxg4 Bf4 42. h4 g6 43. hxg5 Be5 44. Rh4+ Kg7 45. f6+ Bxf6 46.
gxf6+ Rxf6 47. Kc2 Rf2+ 48. Kb3 Kf6 49. Rc4 Rf3+ 50. Kb4 Rf2 51. a4 Rb2+ 52.
Ka5 Rb7 53. Ka6 Rb6+ 54. Kxa7 Rb2 55. a5 g5 56. Rxc7 Rb5 57. a6 g4 58. Bxg4
Rxd5 59. Bc8 Ke5 60. Bb7 Rd8 61. Rc8 Rd6 62. Kb8 {Normal} 1-0

[Event "Rated Blitz game"]
[Site "?"]
[Date "2021.03.10"]
[Round "?"]
[White "TrickOrTreat"]
[Black "Chesspirate_Channel"]
[Result "1-0"]
[WhiteElo "2467"]
[BlackElo "2372"]
[PlyCount "55"]
[EventDate "2021.??.??"]
[EventType "blitz"]

1. e4 e5 2. Nf3 d5 3. Nxe5 Bd6 4. d4 dxe4 5. Nc4 Be7 6. Be2 Nf6 7. Be3 O-O 8.
Nc3 Re8 9. O-O c6 10. a4 Bf5 11. h3 a5 12. Qd2 Na6 13. Rad1 Nc7 14. Ne5 Ncd5
15. Bg5 h6 16. Bh4 Bh7 17. Rfe1 e3 18. fxe3 Ne4 19. Nxe4 Bxh4 20. Nf2 Qf6 21.
Bc4 Rad8 22. e4 Bg5 23. Qe2 Nf4 24. Qf3 Rxd4 25. Bxf7+ Qxf7 26. Nxf7 Rxd1 27.
Rxd1 Kxf7 28. g3 {Normal} 1-0

[Event "Rated Blitz game"]
[Site "?"]
[Date "2021.03.10"]
[Round "?"]
[White "GreatestShowman5"]
[Black "Gifroy"]
[Result "0-1"]
[WhiteElo "2463"]
[BlackElo "2423"]
[PlyCount "94"]
[EventDate "2021.??.??"]
[EventType "blitz"]

1. e4 e5 2. Nf3 d5 3. exd5 e4 4. Qe2 Nf6 5. Nc3 Be7 6. Nxe4 O-O 7. d3 c6 8.
dxc6 Nxc6 9. Bd2 Bg4 10. O-O-O Rc8 11. Bc3 Nd5 12. h3 Be6 13. Qd2 Bb4 14. d4
Bxc3 15. Nxc3 Ncb4 16. Nxd5 Rxc2+ 17. Qxc2 Nxc2 18. Nc3 Nb4 19. a3 Nd5 20. Nxd5
Bxd5 21. Ne5 Qc7+ 22. Kb1 f6 23. Nd3 Qc4 24. Nc1 Qc6 25. f3 Rc8 26. Bd3 b5 27.
Rhe1 a5 28. Ne2 b4 29. Rc1 Qd7 30. Rxc8+ Qxc8 31. Nf4 Bf7 32. axb4 axb4 33. d5
b3 34. Rc1 Qa8 35. Rc5 Qa2+ 36. Kc1 Qa1+ 37. Bb1 g5 38. Rc8+ Kg7 39. Ne6+ Kh6
40. Nc5 Bg6 41. Ne4 f5 42. Nf6 f4 43. Ng4+ Kg7 44. Rc7+ Kf8 45. Rc8+ Ke7 46.
Rc7+ Kd8 47. Rc6 Qxb1+ {Time forfeit} 0-1

[Event "Rated Blitz game"]
[Site "?"]
[Date "2021.03.10"]
[Round "?"]
[White "TrickOrTreat"]
[Black "Chesspirate_Channel"]
[Result "1-0"]
[WhiteElo "2454"]
[BlackElo "2384"]
[PlyCount "53"]
[EventDate "2021.??.??"]
[EventType "blitz"]

1. e4 e5 2. Nf3 d5 3. Nxe5 Bd6 4. d4 dxe4 5. Nc4 Be7 6. Be2 Nc6 7. Be3 Nf6 8.
h3 Bf5 9. Nc3 a6 10. O-O Qc8 11. d5 b5 12. dxc6 bxc4 13. Nd5 Bd6 14. g4 Be6 15.
Nxf6+ gxf6 16. Qd4 Rg8 17. Qxf6 Bxg4 18. hxg4 Rxg4+ 19. Kh1 Rg6 20. Qh4 Qe6 21.
Rg1 f5 22. Rxg6 hxg6 23. Bg5 Qe5 24. Bxc4 Qd4 25. Bb3 f4 26. Qh7 e3 27. Qf7# {
Normal} 1-0

[Event "Rated Blitz game"]
[Site "?"]
[Date "2021.03.10"]
[Round "?"]
[White "MannySen"]
[Black "annaly1979"]
[Result "0-1"]
[WhiteElo "2413"]
[BlackElo "2404"]
[PlyCount "40"]
[EventDate "2021.??.??"]
[EventType "blitz"]

1. e4 e5 2. Nf3 d5 3. exd5 e4 4. Qe2 f5 5. d3 Nf6 6. Bg5 Be7 7. dxe4 fxe4 8.
Bxf6 Bxf6 9. Qxe4+ Kf7 10. Qb4 Re8+ 11. Be2 a5 12. Qb3 a4 13. Qb4 Na6 14. Qf4
Kg8 15. Nc3 a3 16. Nd4 axb2 17. Rb1 c5 18. Ndb5 Bd7 19. Rxb2 Bxb5 20. Rxb5
Bxc3+ {Normal} 0-1

[Event "Rated Blitz game"]
[Site "?"]
[Date "2021.03.10"]
[Round "?"]
[White "elconceto"]
[Black "Fantastic_power06"]
[Result "1/2-1/2"]
[WhiteElo "2699"]
[BlackElo "2648"]
[PlyCount "121"]
[EventDate "2021.??.??"]
[EventType "blitz"]

1. e4 e5 2. Nf3 d5 3. Nxe5 Bd6 4. d4 dxe4 5. Bc4 Bxe5 6. dxe5 Qxd1+ 7. Kxd1 Nc6
8. Bf4 Nge7 9. Nc3 Bf5 10. Re1 Ng6 11. Bg3 Ngxe5 12. Bb5 O-O-O+ 13. Kc1 f6 14.
Nxe4 Nd4 15. Bxe5 Nxb5 16. Nc3 Nd4 17. Bxd4 Rxd4 18. b3 Rhd8 19. Re2 a6 20. Kb2
Rd2 21. Kc1 Rxe2 22. Nxe2 Re8 23. Nd4 Bg6 24. Kd2 c5 25. Nf3 Kd7 26. Rd1 Kc6
27. a4 Rd8+ 28. Kc1 Rxd1+ 29. Kxd1 Bh5 30. Ke2 Kd5 31. Ke3 Bxf3 32. gxf3 b5 33.
axb5 axb5 34. c3 Ke5 35. f4+ Kd5 36. h4 g6 37. Kd3 c4+ 38. bxc4+ bxc4+ 39. Ke3
f5 40. f3 Kc5 41. Kd2 Kb5 42. Kc2 Ka5 43. Kb2 Ka4 44. Ka2 Kb5 45. Ka3 Ka5 46.
Ka2 h6 47. Ka3 Kb5 48. Kb2 Ka4 49. Ka2 Ka5 50. Ka3 Kb5 51. Kb2 Kc5 52. Ka2 Kb6
53. Ka3 Ka5 54. Kb2 h5 55. Ka2 Ka4 56. Kb2 Kb5 57. Ka3 Ka5 58. Ka2 Kb5 59. Kb2
Kb6 60. Ka3 Ka5 61. Ka2 {Normal} 1/2-1/2

[Event "Rated Blitz game"]
[Site "?"]
[Date "2021.03.10"]
[Round "?"]
[White "aaatchoum"]
[Black "annaly1979"]
[Result "1/2-1/2"]
[WhiteElo "2354"]
[BlackElo "2435"]
[PlyCount "136"]
[EventDate "2021.??.??"]
[EventType "blitz"]

1. e4 e5 2. Nf3 d5 3. d4 dxe4 4. Nxe5 Bd6 5. Nc3 Bxe5 6. dxe5 Qxd1+ 7. Nxd1 Nc6
8. Nc3 Bf5 9. Bb5 Nge7 10. Bf4 O-O-O 11. Bc4 Bg6 12. e6 fxe6 13. Bxe6+ Kb8 14.
Nb5 Nd4 15. Bxc7+ Ka8 16. Nxd4 Rxd4 17. Be5 Rdd8 18. Bxg7 Rhe8 19. Rd1 Rxd1+
20. Kxd1 Nc6 21. Bb3 a6 22. Kc1 e3 23. fxe3 Rxe3 24. Bc4 Ne5 25. Bxe5 Rxe5 26.
Kd2 b5 27. Bd3 Rd5 28. Re1 Kb7 29. Re6 a5 30. Ke3 Rg5 31. Bxg6 hxg6 32. g3 Rc5
33. c3 g5 34. Rh6 b4 35. Kd4 Rf5 36. cxb4 axb4 37. Kc4 Rf2 38. Kb3 Re2 39. Rh5
g4 40. Rh4 Re4 41. h3 Re3+ 42. Kxb4 Rxg3 43. hxg4 Rg2 44. Ka3 Kc6 45. Rh6+ Kb5
46. Rg6 Rg3+ 47. b3 Rg2 48. g5 Kc5 49. Rg8 Kd6 50. g6 Ke7 51. Kb4 Rxa2 52. g7
Rg2 53. Ra8 Rg4+ 54. Ka3 Rg1 55. g8=Q Ra1+ 56. Kb2 Rf1 57. Qg7+ Kd6 58. Qd4+
Kc7 59. Qc4+ Kb7 60. Qxf1 Kxa8 61. Qf3+ Ka7 62. Qf6 Kb7 63. Kc3 Kc7 64. Kc4 Kd7
65. Kc5 Kc7 66. Qe6 Kd8 67. Qf7 Kc8 68. Kc6 Kb8 {Time forfeit} 1/2-1/2

[Event "Rated Blitz game"]
[Site "?"]
[Date "2021.03.10"]
[Round "?"]
[White "Poepzat"]
[Black "annaly1979"]
[Result "1-0"]
[WhiteElo "2422"]
[BlackElo "2427"]
[PlyCount "25"]
[EventDate "2021.??.??"]
[EventType "blitz"]

1. e4 e5 2. Nf3 d5 3. exd5 e4 4. Qe2 f5 5. d3 Nf6 6. dxe4 fxe4 7. Nc3 Be7 8.
Ng5 O-O 9. Be3 Nxd5 10. O-O-O Nxc3 11. Qc4+ Kh8 12. Nf7+ Rxf7 13. Rxd8+ {Normal
} 1-0

[Event "Rated Blitz game"]
[Site "?"]
[Date "2021.03.10"]
[Round "?"]
[White "Lunaticxxx"]
[Black "Erow"]
[Result "1-0"]
[WhiteElo "2765"]
[BlackElo "2661"]
[PlyCount "77"]
[EventDate "2021.??.??"]
[EventType "blitz"]

1. e4 e5 2. Nf3 d5 3. d3 dxe4 4. dxe4 Qxd1+ 5. Kxd1 Bg4 6. Be2 Nc6 7. Nfd2
Bxe2+ 8. Kxe2 Nd4+ 9. Kd1 O-O-O 10. c3 Ne6 11. g3 Nf6 12. Ke2 Bc5 13. f3 Rhe8
14. Nc4 Bd6 15. a4 h6 16. Be3 a6 17. b4 Nd7 18. Nbd2 Nb8 19. Rhb1 h5 20. b5 g6
21. Nxd6+ cxd6 22. Nc4 f5 23. Nb6+ Kc7 24. Nd5+ Kc8 25. Bb6 fxe4 26. fxe4 Nc5
27. Bxd8 Rxd8 28. Ke3 a5 29. Rf1 Nbd7 30. Rf7 g5 31. Rf5 Ne6 32. Rf7 Ndc5 33.
Nb6+ Kb8 34. Raf1 h4 35. R1f6 hxg3 36. hxg3 Rh8 37. Re7 Nd8 38. Rxd6 Nxa4 39.
Nxa4 {Normal} 1-0

[Event "Rated Blitz game"]
[Site "?"]
[Date "2021.03.10"]
[Round "?"]
[White "tOmMoM2"]
[Black "AlmostGone"]
[Result "0-1"]
[WhiteElo "2291"]
[BlackElo "2407"]
[PlyCount "84"]
[EventDate "2021.??.??"]
[EventType "blitz"]

1. e4 e5 2. Nf3 d5 3. exd5 e4 4. Qe2 Nf6 5. d3 Qxd5 6. Nc3 Bb4 7. Nd2 Bxc3 8.
bxc3 O-O 9. dxe4 Qa5 10. Qb5 Qxc3 11. Bb2 Qc6 12. Qg5 h6 13. Qg3 Nh5 14. Qe5
Nf6 15. Bb5 Qe6 16. Qg3 Bd7 17. Bc4 Qb6 18. Rb1 Nh5 19. Qc3 Qg6 20. g4 Nf4 21.
Qg3 Ne6 22. f4 Nc5 23. f5 Qc6 24. h4 Nxe4 25. Qe5 Nf6 26. O-O Re8 27. Qf4 Qd6
28. Qxd6 cxd6 29. g5 hxg5 30. hxg5 Ne4 31. Nxe4 Rxe4 32. f6 Rxc4 33. fxg7 Nc6
34. Rf6 Rg4+ 35. Kh2 Rxg5 36. Rxd6 Be6 37. Rf1 Rd8 38. Rxd8+ Nxd8 39. Bf6 Rd5
40. Kg3 Nc6 41. Kf4 Rf5+ 42. Kg4 Rxf1+ {Normal} 0-1

[Event "Rated Blitz game"]
[Site "?"]
[Date "2021.03.10"]
[Round "?"]
[White "Quiveutdufromage"]
[Black "gmluke"]
[Result "0-1"]
[WhiteElo "2557"]
[BlackElo "2656"]
[PlyCount "70"]
[EventDate "2021.??.??"]
[EventType "blitz"]

1. e4 e5 2. Nf3 d5 3. d4 dxe4 4. Nxe5 Bd6 5. Bf4 Nd7 6. Bg3 Qe7 7. Nxd7 Bxd7 8.
Bxd6 cxd6 9. Nc3 f5 10. Nd5 Qd8 11. c3 Nf6 12. Qb3 Bc6 13. Bc4 Rb8 14. a4 Bxd5
15. Bxd5 Qb6 16. Bf7+ Kf8 17. Qa2 g6 18. O-O Kg7 19. a5 Qc7 20. Bc4 h5 21. h4
d5 22. Bxd5 Ng4 23. g3 f4 24. Bxe4 fxg3 25. f4 Qe7 26. Bf3 Qxh4 27. b4 Nf2 28.
Rxf2 gxf2+ 29. Qxf2 Qxf4 30. Rf1 Rhf8 31. Qg2 Qe3+ 32. Kh2 Qxc3 33. Be4 Qc7+
34. Kh1 Rxf1+ 35. Qxf1 Rf8 {Normal} 0-1

[Event "Rated Blitz game"]
[Site "?"]
[Date "2021.03.10"]
[Round "?"]
[White "A1986-ADDOO"]
[Black "Korshun_2022"]
[Result "1-0"]
[WhiteElo "2434"]
[BlackElo "2304"]
[PlyCount "75"]
[EventDate "2021.??.??"]
[EventType "blitz"]

1. e4 e5 2. Nf3 d5 3. exd5 e4 4. Nd4 Qxd5 5. Nb5 Qe5 6. d4 exd3+ 7. Be3 Qxb5 8.
Bxd3 Qxb2 9. Nd2 Qf6 10. O-O Bd6 11. Ne4 Qd8 12. Nxd6+ cxd6 13. Re1 Ne7 14. Bg5
Be6 15. f4 g6 16. f5 gxf5 17. Bxf5 Rg8 18. Bxe6 Rxg5 19. Bb3 Nbc6 20. Qf3 Qb6+
21. Kh1 Ne5 22. Qf6 Rg6 23. Bxf7+ Kd8 24. Bxg6 N5xg6 25. h4 Qc5 26. Rad1 Kd7
27. Qe6+ Kc7 28. Qf6 Re8 29. Rd3 Ne5 30. Rg3 N7c6 31. Rg7+ Kb8 32. Rb1 b6 33.
Qg5 Rc8 34. Rg8 Qxc2 35. Rxc8+ Kxc8 36. Rc1 Qf2 37. Qg8+ Kb7 38. Qxh7+ {
Time forfeit} 1-0

[Event "Rated Blitz game"]
[Site "?"]
[Date "2021.03.10"]
[Round "?"]
[White "captain_flag"]
[Black "jeruchess"]
[Result "1-0"]
[WhiteElo "2419"]
[BlackElo "2357"]
[PlyCount "143"]
[EventDate "2021.??.??"]
[EventType "blitz"]

1. e4 e5 2. Nf3 d5 3. d3 c6 4. Be2 Bd6 5. O-O Nf6 6. Nbd2 O-O 7. c3 h6 8. Re1
Be6 9. Bf1 Nbd7 10. b4 Re8 11. Bb2 Qc7 12. Qc2 Nf8 13. a3 Ng6 14. g3 a5 15. Nb3
a4 16. Nbd2 Bf8 17. c4 d4 18. c5 Nd7 19. Nc4 Kh8 20. Nfd2 f5 21. exf5 Bxf5 22.
Bg2 Nf6 23. Ne4 Nxe4 24. Bxe4 Bxe4 25. Rxe4 Re7 26. Rae1 Qd7 27. Qe2 Rae8 28.
Bc1 Qf5 29. Bd2 h5 30. Nd6 Qf6 31. Qxh5+ Kg8 32. Nxe8 Rxe8 33. Rg4 Kf7 34. Rge4
Re6 35. Kg2 Kg8 36. Qf3 Qe7 37. Rg4 Qd7 38. Qf5 Ne7 39. Qe4 Nd5 40. Rg5 Nf6 41.
Qf3 Qe8 42. Qf5 Nd5 43. Rxe5 Rxe5 44. Qxe5 Qxe5 45. Rxe5 Kf7 46. Re4 Be7 47.
Rxd4 Bf6 48. Re4 Nc7 49. Bc1 Nb5 50. g4 Bc3 51. g5 g6 52. f4 Nd4 53. h4 Nf5 54.
Kh3 Bd4 55. Kg4 Bc3 56. h5 Ne7 57. hxg6+ Nxg6 58. f5 Ne5+ 59. Rxe5 Bxe5 60. g6+
Kg7 61. Kh5 Bf6 62. Bg5 Bb2 63. f6+ Kg8 64. f7+ Kg7 65. Bh6+ Kf6 66. f8=Q+ Ke5
67. Qf4+ Kd5 68. Qc4+ Ke5 69. b5 cxb5 70. Qxb5 Bd4 71. Qxa4 Bxc5 72. Qe4+ {
Time forfeit} 1-0

[Event "Rated Blitz game"]
[Site "?"]
[Date "2021.03.10"]
[Round "?"]
[White "Zalan1110"]
[Black "pasha1984"]
[Result "0-1"]
[WhiteElo "2408"]
[BlackElo "2446"]
[PlyCount "44"]
[EventDate "2021.??.??"]
[EventType "blitz"]

1. e4 e5 2. Nf3 d5 3. exd5 e4 4. Qe2 Nf6 5. Nc3 Be7 6. Nxe4 Nxd5 7. c4 Nb4 8.
d4 Bg4 9. a3 N4c6 10. d5 Nd4 11. Qd3 Nxf3+ 12. gxf3 Bf5 13. Bf4 O-O 14. O-O-O
Nd7 15. Rg1 Bg6 16. Bh3 Nc5 17. Qe3 b6 18. Be5 a5 19. Bc3 a4 20. Nxc5 Bxc5 21.
Qd2 Qh4 22. Rg3 Bd6 {Normal} 0-1

[Event "Rated Blitz game"]
[Site "?"]
[Date "2021.03.10"]
[Round "?"]
[White "sashadav"]
[Black "Roberto_Baggio1978"]
[Result "1-0"]
[WhiteElo "2524"]
[BlackElo "2503"]
[PlyCount "87"]
[EventDate "2021.??.??"]
[EventType "blitz"]

1. e4 e5 2. Nf3 d5 3. exd5 e4 4. Qe2 Nf6 5. Nc3 Be7 6. Nxe4 O-O 7. d3 Qxd5 8.
Bd2 Nc6 9. c4 Qd7 10. O-O-O Re8 11. Bc3 b5 12. cxb5 Nb4 13. Bxb4 Bxb4 14. Nxf6+
gxf6 15. Qc2 Qxb5 16. d4 Qa5 17. Bc4 Bf5 18. Qb3 Rab8 19. Bxf7+ Kg7 20. Bxe8
Bd2+ 21. Nxd2 Rxb3 22. Nxb3 Qxa2 23. Nc5 Qb1+ 24. Kd2 Qxb2+ 25. Ke3 Qc3+ 26.
Kf4 Bc8 27. Rhe1 h5 28. Bxh5 Kh6 29. Bf3 a5 30. h4 a4 31. Re8 a3 32. Rxc8 a2
33. Ra8 Qb2 34. Ne4 c6 35. g4 Kg6 36. g5 fxg5+ 37. hxg5 Qb3 38. Ra1 Qf7+ 39.
Kg3 Qc7+ 40. Kg2 c5 41. dxc5 Qf4 42. R1xa2 Qc1 43. R2a6+ Kf5 44. Re8 {Normal}
1-0